| 000 | 00517nam a2200193Ia 4500 | ||
|---|---|---|---|
| 005 | 20240704013813.0 | ||
| 008 | 240331s9999 xx 000 0 und d | ||
| 020 | _a0416371302 | ||
| 082 |
_a155.2 _bBRE |
||
| 100 | _aBreakwell, G.M | ||
| 245 | 0 | _aCoping With Threatened Identities | |
| 260 |
_aLondon _bMethuen & Co. Ltd _c1986 |
||
| 300 | _aviii, 222 p ., | ||
| 650 | _aIdentity ( Psychology) | ||
| 650 | _aAdjustment ( Psychology) | ||
| 650 | _aInterpersonal relations | ||
| 650 | _aSocial Problem | ||
| 942 | _cL | ||
| 999 |
_c753 _d753 |
||